000 01125nam a22002417a 4500
005 20080623121827.0
008 080623t xxu||||| |||| 00| f hin d
010 _aHIN-83569
020 _c175.00
_a818525530x
035 _aHN-55915
037 _aपु.प्र.अ.प्र/प्रका
040 _aDPL
_bHN
082 _aउ / सेठिया
100 _aसेठिया, निर्मला
245 _aप्रकाश किरण /
_cनिर्मला सेठिया
246 _aPrakash Kiran
_bby Nirmala Sethiya
260 _aदिल्ली
_bअभिव्यक्ति प्रकाशन
_c2007
270 _a29/61, गली नं.11, विश्वास नगर
_bदिल्ली
_e110032
_k22301432
300 _a160पृ
_c22सेमी(सजिल्द)
650 _aHindi Novels
942 _cHN
_2ddc
_h
_mसेठिया
999 _c13855
_d13855